00507nam a22001457a 4500003000400000005001700004008004100021040001400062100003000076245008400106260001000190300003100200500010300231504002700334OSt20171010095433.0120508t xxu||||| |||| 00| 0 eng d aMMSUcULS aDela Cruz, Rosechelle Q.  aA Sociological study on jueteng: the case of GamponiacRosechelle Q. Dela Cruz  c2009  axii, [78] leaves c28 cm.  aThesis (AB Sociology) -- Mariano Marcos State University-College of Arts and Sciences, Batac City  aBibliography: leaf 67